Normal view
MARC view
- الادب الحديث - القرن 20
Entry Topical Term
001 - CONTROL NUMBER
- control field: 16140
003 - CONTROL NUMBER IDENTIFIER
- control field: JO-AjAnu
005 - DATE AND TIME OF LATEST TRANSACTION
- control field: 20230606072856.0
008 - FIXED-LENGTH DATA ELEMENTS
- fixed length control field: 230606|| aca||aabn | a|a d
040 ## - CATALOGING SOURCE
- Original cataloging agency: JO-AjAnu
- Transcribing agency: JO-AjAnu
150 ## - HEADING--TOPICAL TERM
- Topical term or geographic name entry element: الادب الحديث - القرن 20
670 ## - SOURCE DATA FOUND
- Source citation: Work cat.: (JO-AjAnu)8284: تاليف فريزر، ج.س.؛ ترجمة أحمد سلامة محمد السيد, author 16139, الكاتب الحديث وعالمه: النصف الأول من القرن العشرين = The Modren Writer and His World، الجزء الاول